[Event "Thüringenliga 2024/25"]
[Site "?"]
[Date "2024.11.24"]
[Round "3.3"]
[White "Eichenauer, Pascal"]
[Black "Huster, Mike"]
[Result "1-0"]
[WhiteElo "2062"]
[BlackElo "1932"]
[PlyCount "53"]
[EventDate "2024.09.15"]
[EventType "team-tourn"]
[EventRounds "9"]
[WhiteTeam "Ilmenauer SV"]
[BlackTeam "VfL 1990 Gera"]

1. d4 Nf6 2. c4 e6 3. Nc3 d5 4. cxd5 exd5 5. Bg5 Be7 6. e3 c6 7. Bd3 Nbd7 8. Nge2 O-O 9. O-O Re8 10. f3 Nf8 11. Qc2 g6 12. Rae1 Ne6 13. Bh4 b5 14. Bf2 a5 15. h3 a4 16. e4 dxe4 17. fxe4 Ba6 18. e5 Nd7 19. Ne4 c5 20. Nxc5 Nexc5 21. dxc5 Nxe5 22. Be4 Rc8 23. c6 Bb4 24. Rd1 Qg5 25. Bd5 Red8 26. Qe4 Rc7 27. Bh4 1-0

[Event "Thüringenliga 2024/25"]
[Site "?"]
[Date "2024.11.24"]
[Round "3.4"]
[White "Aniol, Nico"]
[Black "Rauch, Arwid"]
[Result "1-0"]
[WhiteElo "1983"]
[BlackElo "1758"]
[PlyCount "139"]
[EventDate "2024.09.15"]
[EventType "team-tourn"]
[EventRounds "9"]
[WhiteTeam "VfL 1990 Gera"]
[BlackTeam "Ilmenauer SV"]

1. e4 c5 2. Nf3 e6 3. c3 Nf6 4. e5 Nd5 5. d4 cxd4 6. cxd4 d6 7. Nc3 dxe5 8. dxe5 Bb4 9. Bd2 Bxc3 10. Bxc3 O-O 11. Bd2 Nc6 12. Bd3 Bd7 13. Bxh7+ Kxh7 14. Ng5+ Kg6 15. Qg4 f5 16. exf6 Nxf6 17. Qg3 Nh5 18. Qd3+ Kf6 19. Qf3+ Kg6 20. Qe4+ Kf6 21. Nh7+ Kf7 22. Nxf8 Qxf8 23. Rd1 Nf6 24. Qf3 Ne7 25. Bb4 Bc6 26. Qa3 Rd8 27. O-O a6 28. Rd6 Rxd6 29. Bxd6 Qe8 30. Bxe7 Qxe7 31. Qxe7+ Kxe7 32. f3 Nd5 33. Rd1 Kf6 34. Kf2 Kf5 35. g4+ Kf6 36. h4 e5 37. Rd2 Ke6 38. Kg3 Kf6 39. h5 Kg5 40. Re2 Kf6 41. Rh2 Nf4 42. h6 gxh6 43. Rxh6+ Kg7 44. Rh2 Ne6 45. Rh5 Nd4 46. Rxe5 Nxf3 47. Re3 Ng5 48. Kf4 Kf6 49. Re2 Ne6+ 50. Kg3 Ng5 51. Rh2 Kg6 52. Kf4 Ne6+ 53. Ke5 Nc5 54. Kd6 Ne4+ 55. Kc7 Nf6 56. Rd2 Be4 57. Rd4 Bf3 58. a4 Kg5 59. Rd3 Be4 60. Rb3 Bc2 61. Ra3 Be4 62. a5 Kxg4 63. Ra4 Kf5 64. Rxe4 Kxe4 65. Kxb7 Kd5 66. Kxa6 Kc5 67. Kb7 Nd5 68. a6 Nb6 69. a7 Kb5 70. b4 1-0

[Event "Thüringenliga 2024/25"]
[Site "?"]
[Date "2024.11.24"]
[Round "3.5"]
[White "Ortlepp, Steffen"]
[Black "Schönfeld, Volker"]
[Result "1/2-1/2"]
[WhiteElo "1823"]
[BlackElo "1827"]
[PlyCount "79"]
[EventDate "2024.09.15"]
[EventType "team-tourn"]
[EventRounds "9"]
[WhiteTeam "Ilmenauer SV"]
[BlackTeam "VfL 1990 Gera"]

1. d4 Nf6 2. c4 g6 3. Nc3 d5 4. cxd5 Nxd5 5. e4 Nxc3 6. bxc3 Bg7 7. Nf3 c5 8. Be2 Bg4 9. Be3 Nc6 10. Qb3 Bxf3 11. Bxf3 cxd4 12. Qxb7 dxe3 13. Qxc6+ Kf8 14. Rd1 exf2+ 15. Kxf2 Qb6+ 16. Qxb6 axb6 17. Rd2 Bxc3 18. Rc2 Bd4+ 19. Kg3 Kg7 20. Rd2 Ra4 21. Bd1 Be5+ 22. Kf3 Rc4 23. Bb3 Rc3+ 24. Kf2 Bd6 25. g3 Bc5+ 26. Kg2 Re3 27. Rf1 f6 28. Bd5 h5 29. Rf3 Re1 30. Rf1 Re3 31. Rf3 h4 32. Rxe3 Bxe3 33. Rc2 hxg3 34. Kxg3 Bc5 35. h3 Rc8 36. Kg4 Rc7 37. a4 Bd6 38. Rxc7 Bxc7 39. h4 Bd6 40. Be6 1/2-1/2

[Event "Thüringenliga 2024/25"]
[Site "?"]
[Date "2024.11.24"]
[Round "3.6"]
[White "Pekrul, Jürgen"]
[Black "Schenk, Stefan"]
[Result "1/2-1/2"]
[WhiteElo "1821"]
[BlackElo "1890"]
[PlyCount "74"]
[EventDate "2024.09.15"]
[EventType "team-tourn"]
[EventRounds "9"]
[WhiteTeam "VfL 1990 Gera"]
[BlackTeam "Ilmenauer SV"]

1. Nf3 Nf6 2. g3 g6 3. Bg2 Bg7 4. O-O O-O 5. d4 c5 6. d5 d6 7. c4 e6 8. Nc3 a6 9. dxe6 Bxe6 10. Bf4 d5 11. cxd5 Nxd5 12. Nxd5 Bxd5 13. Qc2 Qe7 14. Rad1 Be4 15. Qb3 Re8 16. Bd6 Qf6 17. Rd2 Bh6 18. Rdd1 Nd7 19. Bh3 Bc6 20. Rfe1 c4 21. Qxc4 Nb6 22. Qb3 Bxf3 23. Qxf3 Qxf3 24. exf3 Nc4 25. Rxe8+ Rxe8 26. b3 Nxd6 27. Rxd6 Re1+ 28. Kg2 Re2 29. f4 Bf8 30. Kf3 Rxa2 31. Rb6 Bc5 32. Rxb7 Rxf2+ 33. Ke4 Rxh2 34. Bf1 Rh1 35. Bxa6 Re1+ 36. Kf3 Re3+ 37. Kg2 Re7 1/2-1/2

[Event "Thüringenliga 2024/25"]
[Site "?"]
[Date "2024.11.24"]
[Round "3.7"]
[White "Michael, Torsten"]
[Black "Drechsel, Uwe"]
[Result "0-1"]
[WhiteElo "1747"]
[BlackElo "1843"]
[PlyCount "46"]
[EventDate "2024.09.15"]
[EventType "team-tourn"]
[EventRounds "9"]
[WhiteTeam "Ilmenauer SV"]
[BlackTeam "VfL 1990 Gera"]

1. e4 e6 2. d4 d5 3. Nc3 Bb4 4. e5 c5 5. a3 Ba5 6. Nf3 Nc6 7. Bb5 Bd7 8. Bxc6 Bxc6 9. dxc5 Bxc3+ 10. bxc3 Bb5 11. Qd4 Ne7 12. Bg5 Qc7 13. Bxe7 Qxe7 14. h4 f6 15. a4 Ba6 16. Rh3 Rc8 17. Rg3 O-O 18. h5 fxe5 19. Nxe5 Rf5 20. h6 g5 21. f4 Rcf8 22. Rxg5+ Rxg5 23. fxg5 Rf1+ 0-1

[Event "Thüringenliga 2024/25"]
[Site "?"]
[Date "2024.11.24"]
[Round "3.1"]
[White "Carnot, Luca"]
[Black "Hoffmann, Tim"]
[Result "1/2-1/2"]
[WhiteElo "2075"]
[BlackElo "2139"]
[PlyCount "39"]
[EventDate "2024.09.15"]
[EventType "team-tourn"]
[EventRounds "9"]
[WhiteTeam "TSG Apolda"]
[BlackTeam "ESV Gera"]

1. d4 Nf6 2. Nf3 e6 3. e3 b6 4. Bd3 Bb7 5. O-O Be7 6. c4 c5 7. Nc3 cxd4 8. exd4 d5 9. cxd5 Nxd5 10. Ne5 O-O 11. Qg4 Nf6 12. Qh4 Ne4 13. Qh3 Qxd4 14. Bf4 Nf6 15. Ne2 Qa4 16. Rfc1 Na6 17. Rc4 Qe8 18. Bg5 g6 19. Bh6 Nc5 20. Bxf8 1/2-1/2

[Event "Thüringenliga 2024/25"]
[Site "?"]
[Date "2024.11.24"]
[Round "3.3"]
[White "Goemann, Jens"]
[Black "Helmsdorf, Marius"]
[Result "1/2-1/2"]
[WhiteElo "2035"]
[BlackElo "2009"]
[PlyCount "43"]
[EventDate "2024.09.15"]
[EventType "team-tourn"]
[EventRounds "9"]
[WhiteTeam "TSG Apolda"]
[BlackTeam "ESV Gera"]

1. c4 e5 2. g3 Nf6 3. Bg2 d5 4. cxd5 Nxd5 5. Nc3 Nb6 6. Nf3 Nc6 7. O-O Be6 8. d4 exd4 9. Nb5 Qd7 10. Bf4 Nd5 11. Nbxd4 Nxf4 12. gxf4 O-O-O 13. Nxe6 Qxe6 14. Qc2 f6 15. e3 Bb4 16. a3 Ba5 17. Rac1 Kb8 18. Kh1 h5 19. Qc4 Qxc4 20. Rxc4 Bb6 21. Rc2 Ne7 22. Nd2 1/2-1/2

[Event "Thüringenliga 2024/25"]
[Site "?"]
[Date "2024.11.24"]
[Round "3.4"]
[White "Puschendorf, Steffen"]
[Black "Rohmeiß, Roberto"]
[Result "1/2-1/2"]
[WhiteElo "1970"]
[BlackElo "1970"]
[PlyCount "111"]
[EventDate "2024.09.15"]
[EventType "team-tourn"]
[EventRounds "9"]
[WhiteTeam "ESV Gera"]
[BlackTeam "TSG Apolda"]

1. d4 Nf6 2. c4 e6 3. g3 d5 4. Nf3 Bb4+ 5. Bd2 Be7 6. Bg2 O-O 7. O-O Nbd7 8. Qc2 c6 9. Bf4 Ne4 10. Nfd2 f5 11. f3 Nxd2 12. Nxd2 g5 13. Be3 f4 14. Bf2 Qe8 15. e4 fxe3 16. Bxe3 Qh5 17. Rae1 Bd6 18. Rf2 Rf6 19. Nf1 Nf8 20. c5 Bc7 21. Qd2 h6 22. f4 g4 23. Qe2 Qg6 24. Bd2 Bd7 25. h3 gxh3 26. Bxh3 Qg7 27. Rg2 Rg6 28. Qf2 Nh7 29. Be3 Nf6 30. Nd2 Ba5 31. Re2 Rf8 32. a3 Ng4 33. Bxg4 Rxg4 34. Nf3 Bc7 35. Bd2 Qf6 36. Qe3 Rg7 37. Ne5 Be8 38. Ref2 Qf5 39. g4 Qh7 40. Rf1 Bg6 41. Qh3 Be4 42. Rg3 Bxe5 43. dxe5 Rg6 44. Kh2 Qe7 45. b4 a5 46. Bc3 axb4 47. axb4 Ra8 48. Ra1 Rxa1 49. Bxa1 Qf8 50. Qf1 Qa8 51. Kh3 Kf7 52. Qe1 Qa2 53. Bc3 Rg8 54. Qd2 Qb1 55. Qe1 Qa2 56. Qd2 1/2-1/2

[Event "Thüringenliga 2024/25"]
[Site "?"]
[Date "2024.11.24"]
[Round "3.6"]
[White "Hanmuradov, Ülwi"]
[Black "Maiwald, Harald"]
[Result "0-1"]
[WhiteElo "1681"]
[BlackElo "1913"]
[PlyCount "138"]
[EventDate "2024.09.15"]
[EventType "team-tourn"]
[EventRounds "9"]
[WhiteTeam "ESV Gera"]
[BlackTeam "TSG Apolda"]

1. d4 Nf6 2. c4 g6 3. Nc3 d5 4. cxd5 Nxd5 5. e4 Nxc3 6. bxc3 Bg7 7. Bc4 c5 8. Ne2 Nc6 9. Be3 cxd4 10. cxd4 b5 11. Bd3 O-O 12. e5 Qa5+ 13. Qd2 Qxd2+ 14. Kxd2 Rd8 15. Rhd1 Bb7 16. f3 f6 17. exf6 Bxf6 18. Ke1 Nb4 19. Bb1 Rac8 20. a3 Nd5 21. Ba2 Kg7 22. Bxd5 Bxd5 23. Rac1 Bc4 24. Nf4 Kf7 25. Nd3 Bxd3 26. Rxc8 Rxc8 27. Rxd3 Rc2 28. Bf2 a6 29. Kf1 Ke6 30. d5+ Kd6 31. Be1 Be5 32. Bb4+ Kd7 33. h3 Bd6 34. Rb3 Bxb4 35. axb4 Ra2 36. Re3 Ra4 37. Re4 Kd6 38. g4 Kxd5 39. Rxe7 Rxb4 40. Ra7 Ra4 41. Ke2 Ke5 42. Re7+ Kf4 43. Rxh7 Ra2+ 44. Kd3 Ra3+ 45. Kd4 Rxf3 46. Kc5 Kg3 47. Rg7 Rf6 48. Rh7 Rf1 49. Rg7 Rf6 50. Rh7 Kf4 51. Rh8 Re6 52. Rf8+ Kg3 53. Rh8 Kf3 54. Rf8+ Ke4 55. Rf1 Kd3 56. h4 Re4 57. h5 gxh5 58. gxh5 Re5+ 59. Kb6 Rxh5 60. Kxa6 b4 61. Rf8 b3 62. Rb8 Kc4 63. Rc8+ Rc5 64. Rb8 Kc3 65. Rh8 b2 66. Rh3+ Kc2 67. Rh2+ Kb3 68. Rh3+ Rc3 69. Rh1 Ka2 0-1

[Event "Thüringenliga 2024/25"]
[Site "?"]
[Date "2024.11.24"]
[Round "3.8"]
[White "Barz, Henrik"]
[Black "Walther, Cliff"]
[Result "1-0"]
[WhiteElo "1861"]
[BlackElo "1989"]
[PlyCount "119"]
[EventDate "2024.09.15"]
[EventType "team-tourn"]
[EventRounds "9"]
[WhiteTeam "ESV Gera"]
[BlackTeam "TSG Apolda"]

1. e4 c5 2. Nf3 Nc6 3. d4 cxd4 4. Nxd4 e5 5. Nb5 a6 6. Nd6+ Bxd6 7. Qxd6 Qf6 8. Qd2 Nge7 9. Bd3 b5 10. O-O Bb7 11. c3 Na5 12. b3 Bc6 13. Ba3 d6 14. f4 exf4 15. Qxf4 Qxf4 16. Rxf4 Nb7 17. Nd2 Ng6 18. Rf2 Nc5 19. Bc2 O-O 20. Re1 Ne5 21. Rfe2 Rfd8 22. Nf3 Nxf3+ 23. gxf3 Ne6 24. Kf2 d5 25. Rg1 dxe4 26. Bxe4 Rac8 27. Be7 Bxe4 28. Bxd8 Bd3 29. Rxe6 fxe6 30. Bf6 g6 31. Rd1 Bf5 32. Rd7 h5 33. Kg3 Kf8 34. Ra7 Rc6 35. b4 Bb1 36. a3 Bf5 37. Kf4 Rc4+ 38. Bd4 Rc6 39. Be5 Ke8 40. Kg5 Kd8 41. Ra8+ Ke7 42. Bf6+ Kd7 43. Be5 Ke7 44. Ra7+ Kd8 45. Kf6 Bc2 46. Kf7 g5 47. Ra8+ Kd7 48. Rg8 g4 49. fxg4 hxg4 50. Rxg4 Rc8 51. Rd4+ Kc6 52. Rd6+ Kb7 53. Kxe6 Rc6 54. h4 Kc7 55. Rxc6+ Kxc6 56. h5 Bb3+ 57. Kf6 Kd5 58. Bc7 Kc4 59. h6 Bc2 60. Kg7 1-0

[Event "Thüringenliga 2024/25"]
[Site "?"]
[Date "2024.11.24"]
[Round "3.1"]
[White "Vetter, Udo"]
[Black "Franke, Luca"]
[Result "0-1"]
[WhiteElo "1426"]
[BlackElo "2035"]
[PlyCount "66"]
[EventDate "2024.09.15"]
[EventType "team-tourn"]
[EventRounds "9"]
[WhiteTeam "ESV Lok Sömmerda"]
[BlackTeam "SV 1861 Liebschwitz"]

1. e4 c5 2. Nf3 Nc6 3. d4 cxd4 4. Nxd4 Nf6 5. Nc3 e5 6. Ndb5 d6 7. Bg5 a6 8. Na3 b5 9. Nd5 Be7 10. Nxe7 Nxe7 11. Bd3 O-O 12. c3 d5 13. Bxf6 gxf6 14. O-O f5 15. f3 dxe4 16. fxe4 f4 17. Nc2 Qb6+ 18. Kh1 Rd8 19. Qf3 Qg6 20. Be2 Rd2 21. Rac1 Bb7 22. Qg4 Bxe4 23. Qxg6+ fxg6 24. Bd1 Bxg2+ 25. Kg1 Bxf1 26. Kxf1 Rad8 27. Ke1 Rxh2 28. Be2 Rh1+ 29. Bf1 Nf5 30. Kf2 Ng3 31. Re1 Rd2+ 32. Be2 Rxe1 33. Kxe1 Rxe2+ 0-1

[Event "Thüringenliga 2024/25"]
[Site "?"]
[Date "2024.11.24"]
[Round "3.2"]
[White "Hermannsdörfer, Frank"]
[Black "Koksch, Robert"]
[Result "1-0"]
[WhiteElo "2091"]
[BlackElo "1941"]
[PlyCount "81"]
[EventDate "2024.09.15"]
[EventType "team-tourn"]
[EventRounds "9"]
[WhiteTeam "SV 1861 Liebschwitz"]
[BlackTeam "ESV Lok Sömmerda"]

1. b3 d5 2. Bb2 Nf6 3. e3 Bf5 4. Nf3 e6 5. c4 c6 6. Be2 Bd6 7. O-O Nbd7 8. cxd5 exd5 9. Nd4 Bxb1 10. Qxb1 O-O 11. f4 Re8 12. Rf3 c5 13. Nf5 Bf8 14. Rh3 g6 15. Nh6+ Bxh6 16. Rxh6 d4 17. Bc4 Nf8 18. Rh3 dxe3 19. dxe3 Ne4 20. Qe1 Qd2 21. Qxd2 Nxd2 22. Bd5 Re7 23. e4 Ne6 24. Rd3 Nxe4 25. Bxe4 Nxf4 26. Re3 f5 27. g3 Rxe4 28. Rxe4 Nh3+ 29. Kg2 fxe4 30. Kxh3 Rd8 31. Rf1 e3 32. Re1 Rd2 33. Bc1 Rxa2 34. Bxe3 b6 35. Bg5 Rb2 36. Re3 Kf7 37. Re7+ Kf8 38. Rxa7 Rxb3 39. Rc7 Rc3 40. Rb7 Rb3 41. Be7+ 1-0

[Event "Thüringenliga 2024/25"]
[Site "?"]
[Date "2024.11.24"]
[Round "3.3"]
[White "Kalisch, Michael"]
[Black "Kitzig, Tobias"]
[Result "1-0"]
[WhiteElo "2084"]
[BlackElo "1868"]
[PlyCount "60"]
[EventDate "2024.09.15"]
[EventType "team-tourn"]
[EventRounds "9"]
[WhiteTeam "ESV Lok Sömmerda"]
[BlackTeam "SV 1861 Liebschwitz"]

1. d4 Nf6 2. Bf4 d5 3. e3 Bf5 4. c4 c6 5. Nc3 e6 6. Qb3 b6 7. Nf3 Bd6 8. Bg3 h6 9. Be2 Bxg3 10. hxg3 Nbd7 11. Qa4 c5 12. cxd5 exd5 13. Ne5 O-O 14. Nc6 Qe8 15. Nb5 Qe4 16. Bf3 Qc2 17. Qxc2 Bxc2 18. Nc7 Ba4 19. Ne7+ Kh8 20. Nxa8 Rxa8 21. Nxd5 Re8 22. Nc3 Bc2 23. O-O g5 24. g4 Bd3 25. Rfd1 Bc4 26. dxc5 Nxc5 27. Rd4 Be6 28. Nd5 Kg7 29. Rc1 Nxd5 30. Bxd5 Bxg4 1-0

[Event "Thüringenliga 2024/25"]
[Site "?"]
[Date "2024.11.24"]
[Round "3.4"]
[White "Zeidler, Andreas"]
[Black "Kühn, Martin"]
[Result "1-0"]
[WhiteElo "1996"]
[BlackElo "2092"]
[PlyCount "112"]
[EventDate "2024.09.15"]
[EventType "team-tourn"]
[EventRounds "9"]
[WhiteTeam "SV 1861 Liebschwitz"]
[BlackTeam "ESV Lok Sömmerda"]

1. d4 d5 2. c4 c6 3. Nc3 e6 4. Nf3 dxc4 5. a4 Bb4 6. e3 b5 7. Ne5 Nf6 8. Be2 Bb7 9. O-O a6 10. Bf3 Qb6 11. Ne4 Nbd7 12. Nxd7 Nxd7 13. b3 c3 14. Qc2 Rc8 15. Ba3 Bxa3 16. Rxa3 c5 17. Nxc5 Bxf3 18. Nxd7 Kxd7 19. gxf3 b4 20. a5 Qb5 21. Ra4 Rb8 22. d5 Ke7 23. dxe6 fxe6 24. Qe4 Qf5 25. Rxb4 Qxe4 26. Rxe4 Rhc8 27. b4 Rb5 28. Rc1 Kd6 29. Kf1 Rh5 30. Rd4+ Ke7 31. Rd3 c2 32. Rd2 Rxh2 33. Rcxc2 Rh1+ 34. Ke2 Rxc2 35. Rxc2 Rb1 36. Rc6 Rxb4 37. Rxa6 Ra4 38. f4 Kf6 39. Kf3 Kf5 40. Ra8 Kf6 41. a6 g6 42. a7 Kg7 43. Kg4 h6 44. Kg3 Kh7 45. f3 Kg7 46. e4 Ra2 47. Re8 Rxa7 48. Rxe6 Kf7 49. Rb6 Re7 50. Kg4 Kg7 51. f5 gxf5+ 52. Kxf5 Rf7+ 53. Kg4 h5+ 54. Kg3 h4+ 55. Kg4 h3 56. Rb5 Kf6 1-0

[Event "Thüringenliga 2024/25"]
[Site "?"]
[Date "2024.11.24"]
[Round "3.5"]
[White "Siegemund, Joachim"]
[Black "Biel, Maik"]
[Result "0-1"]
[WhiteElo "1919"]
[BlackElo "1959"]
[PlyCount "68"]
[EventDate "2024.09.15"]
[EventType "team-tourn"]
[EventRounds "9"]
[WhiteTeam "ESV Lok Sömmerda"]
[BlackTeam "SV 1861 Liebschwitz"]

1. e4 c5 2. Nc3 d6 3. f4 a6 4. a4 Nc6 5. Nf3 e6 6. d3 Qc7 7. g3 b6 8. Bg2 Bb7 9. O-O Nf6 10. Kh1 Be7 11. Be3 O-O 12. h3 Rac8 13. g4 d5 14. e5 d4 15. exf6 Bxf6 16. g5 Be7 17. Bd2 dxc3 18. bxc3 Bd6 19. Nh2 Ne7 20. Bxb7 Qxb7+ 21. Qf3 Qd7 22. Rf2 Nf5 23. Qg4 b5 24. axb5 axb5 25. Nf3 Ra8 26. Rff1 Qc6 27. Kh2 c4 28. h4 Qd5 29. Rxa8 Rxa8 30. Ne1 Ra2 31. Rf2 cxd3 32. cxd3 b4 33. c4 Qd4 34. Kg2 Rxd2 0-1

[Event "Thüringenliga 2024/25"]
[Site "?"]
[Date "2024.11.24"]
[Round "3.6"]
[White "Kastner, Peter"]
[Black "Bachmann, Nick"]
[Result "1-0"]
[WhiteElo "1954"]
[BlackElo "1881"]
[PlyCount "79"]
[EventDate "2024.09.15"]
[EventType "team-tourn"]
[EventRounds "9"]
[WhiteTeam "SV 1861 Liebschwitz"]
[BlackTeam "ESV Lok Sömmerda"]

1. e4 c5 2. Nf3 Nc6 3. d4 cxd4 4. Nxd4 Nf6 5. Nc3 e5 6. Ndb5 d6 7. Bg5 a6 8. Na3 b5 9. Bxf6 gxf6 10. Nd5 Bg7 11. c3 f5 12. Bd3 Be6 13. Qh5 f4 14. O-O O-O 15. Nc2 Ne7 16. Ncb4 a5 17. Nxe7+ Qxe7 18. Nd5 Bxd5 19. exd5 e4 20. Rfe1 f5 21. Bxb5 Rab8 22. a4 Qe5 23. Rad1 Rf6 24. g3 Rbf8 25. Qe2 Rg6 26. Kh1 Bh6 27. Qc4 Bg7 28. Qd4 Qe7 29. Qb6 Be5 30. Rg1 f3 31. Qe3 Rff6 32. Bf1 Rh6 33. h3 Qf7 34. g4 Rfg6 35. gxf5 Qxf5 36. Qxh6 Rxg1+ 37. Kxg1 Kh8 38. Kh1 Bf4 39. Qe6 Qg5 40. Qxe4 1-0

[Event "Thüringenliga 2024/25"]
[Site "?"]
[Date "2024.11.24"]
[Round "3.7"]
[White "Berlt, Norbert"]
[Black "Meissner, Steffen"]
[Result "1/2-1/2"]
[WhiteElo "1610"]
[BlackElo "1784"]
[PlyCount "29"]
[EventDate "2024.09.15"]
[EventType "team-tourn"]
[EventRounds "9"]
[WhiteTeam "ESV Lok Sömmerda"]
[BlackTeam "SV 1861 Liebschwitz"]

1. e4 c5 2. Nc3 Nc6 3. g3 g6 4. Bg2 Bg7 5. Nge2 d6 6. d3 Bd7 7. O-O Nf6 8. Bf4 e5 9. Bg5 h6 10. Bxf6 Bxf6 11. Nd5 Bg7 12. f4 exf4 13. Nexf4 O-O 14. c3 Ne7 15. Nxe7+ 1/2-1/2

[Event "Thüringenliga 2024/25"]
[Site "?"]
[Date "2024.11.24"]
[Round "3.8"]
[White "Müller, Gunther"]
[Black "Weber, Jakob"]
[Result "0-1"]
[WhiteElo "1724"]
[BlackElo "1564"]
[PlyCount "50"]
[EventDate "2024.09.15"]
[EventType "team-tourn"]
[EventRounds "9"]
[WhiteTeam "SV 1861 Liebschwitz"]
[BlackTeam "ESV Lok Sömmerda"]

1. c4 Nf6 2. Nc3 b6 3. Nf3 c5 4. g3 Bb7 5. Bg2 e6 6. O-O Be7 7. d4 cxd4 8. Nxd4 Bxg2 9. Kxg2 d6 10. Qa4+ Qd7 11. Qxd7+ Nbxd7 12. Rd1 a6 13. b3 Rc8 14. Ba3 d5 15. Bb2 dxc4 16. bxc4 Rxc4 17. Rac1 O-O 18. Ne4 Rfc8 19. Nxf6+ Nxf6 20. Kf3 Rxc1 21. Bxc1 Nd5 22. e4 Nc3 23. Rd2 Nxe4 24. Kxe4 Rxc1 25. Nb3 Rc7 0-1

[Event "Landesklasse Ost 2024/25"]
[Site "?"]
[Date "2024.11.24"]
[Round "3.1"]
[White "Sondermann, Johannes"]
[Black "Bilek, Michael"]
[Result "1-0"]
[WhiteElo "2019"]
[BlackElo "2146"]
[PlyCount "61"]
[EventDate "2024.09.15"]
[EventType "team-tourn"]
[EventRounds "9"]
[WhiteTeam "Meuselwitzer SV"]
[BlackTeam "SG Arnstadt-Stadtilm"]

1. d4 c5 2. d5 e5 3. e4 d6 4. Be2 Be7 5. Nf3 Nf6 6. Nc3 O-O 7. O-O Ne8 8. Nd2 Bg5 9. Bg4 Nd7 10. g3 Nef6 11. Bh3 Nb6 12. Bxc8 Qxc8 13. f4 exf4 14. gxf4 Bh6 15. a4 a5 16. Nf3 Qd7 17. Nh4 g6 18. e5 Qh3 19. Nf3 Ng4 20. Qe2 dxe5 21. fxe5 Rad8 22. d6 Rfe8 23. Ne4 Nd7 24. Nfg5 Bxg5 25. Nxg5 Qh4 26. e6 f5 27. e7 Rc8 28. Bf4 Nde5 29. h3 h6 30. hxg4 hxg5 31. Bxe5 1-0

[Event "Landesklasse Ost 2024/25"]
[Site "?"]
[Date "2024.11.24"]
[Round "3.2"]
[White "Buring, Matthias"]
[Black "Naundorf, Johannes"]
[Result "1/2-1/2"]
[WhiteElo "2000"]
[BlackElo "1932"]
[PlyCount "31"]
[EventDate "2024.09.15"]
[EventType "team-tourn"]
[EventRounds "9"]
[WhiteTeam "SG Arnstadt-Stadtilm"]
[BlackTeam "Meuselwitzer SV"]

{[%evp 0,31,41,24,24,-14,6,-1,24,14,16,21,25,-3,17,-11,1,-14,-11,-5,-5,-4,3,-19,0,0,11,-4,23,-39,-33,-25,-41,-13]} 1. d4 Nf6 2. c4 e6 3. a3 b6 4. e3 Bb7 5. Nf3 Be7 6. Bd3 O-O 7. Nbd2 d5 8. b3 c5 9. Bb2 Nc6 10. O-O Rc8 11. Qe2 Re8 12. Rfd1 Bd6 13. Ne5 Ne7 14. Nf1 Ng6 15. g3 Qc7 16. Nxg6 1/2-1/2

[Event "Landesklasse Ost 2024/25"]
[Site "?"]
[Date "2024.11.24"]
[Round "3.3"]
[White "Kühne, Niklas"]
[Black "Sauer, Marko"]
[Result "1/2-1/2"]
[WhiteElo "1858"]
[BlackElo "2005"]
[PlyCount "118"]
[EventDate "2024.09.15"]
[EventType "team-tourn"]
[EventRounds "9"]
[WhiteTeam "Meuselwitzer SV"]
[BlackTeam "SG Arnstadt-Stadtilm"]

1. d4 c5 2. d5 e5 3. c4 Nf6 4. Nc3 d6 5. e4 Be7 6. Bd3 Nbd7 7. Nge2 O-O 8. O-O Ne8 9. Qc2 g6 10. f4 exf4 11. Bxf4 Bg5 12. Bg3 Qe7 13. Rae1 Ne5 14. Kh1 Ng7 15. Ng1 Bf6 16. Nf3 Nh5 17. Bxe5 Bxe5 18. Nxe5 Qxe5 19. Ne2 Bd7 20. Qc3 Rae8 21. Qxe5 Rxe5 22. Ng1 Bg4 23. Nf3 Bxf3 24. Rxf3 Rfe8 25. g4 Ng7 26. Rf6 Rd8 27. Ref1 Rd7 28. Bc2 Ne8 29. R6f4 Rde7 30. Kg2 a6 31. Kg3 b5 32. cxb5 axb5 33. R4f3 Ra7 34. a3 Kg7 35. h4 h6 36. b3 f6 37. a4 bxa4 38. bxa4 Ree7 39. Rb1 Nc7 40. Rb6 Rd7 41. Ra3 f5 42. a5 fxe4 43. Bxe4 Na6 44. h5 gxh5 45. Bf5 Rd8 46. gxh5 c4 47. Kf4 Nc5 48. Rg3+ Kf8 49. a6 Rxa6 50. Rxa6 Nxa6 51. Rg6 Nb4 52. Rxh6 Nxd5+ 53. Ke4 Ne7 54. Rh8+ Ng8 55. Kd5 Kg7 56. Rh7+ Kf6 57. Bc2 Kg5 58. Kxc4 Nf6 59. Rg7+ Kxh5 1/2-1/2

[Event "Landesklasse Ost 2024/25"]
[Site "?"]
[Date "2024.11.24"]
[Round "3.4"]
[White "Heß, Jürgen"]
[Black "Barth, Jürgen"]
[Result "1-0"]
[WhiteElo "1878"]
[BlackElo "1839"]
[PlyCount "135"]
[EventDate "2024.09.15"]
[EventType "team-tourn"]
[EventRounds "9"]
[WhiteTeam "SG Arnstadt-Stadtilm"]
[BlackTeam "Meuselwitzer SV"]

1. e4 e5 2. Nf3 Nc6 3. Bb5 Nf6 4. O-O Bc5 5. c3 O-O 6. d4 Be7 7. d5 Nb8 8. Re1 d6 9. h3 c6 10. dxc6 bxc6 11. Bf1 Ba6 12. Nbd2 Bxf1 13. Nxf1 Na6 14. Ng3 Re8 15. b4 Nc7 16. Qb3 Ne6 17. Be3 Qc7 18. c4 c5 19. b5 Nd4 20. Qb2 Nd7 21. a4 Nb6 22. Nd2 a5 23. Qc3 Qd7 24. Nb3 Bd8 25. Nxa5 Nd5 26. exd5 Bxa5 27. Qd3 Bxe1 28. Rxe1 Rxa4 29. Nh5 f5 30. Bh6 Re7 31. Bxg7 Qa7 32. Bf6 Kf8 33. Bxe7+ Qxe7 34. Qd2 f4 35. Qd1 Ra7 36. Qg4 h6 37. Qc8+ Qe8 38. Qxe8+ Kxe8 39. Nxf4 Kd7 40. Ne2 Nb3 41. Nc3 Nd2 42. Rc1 Nxc4 43. Rc2 Nb6 44. g4 Ke7 45. Kg2 Ra3 46. f3 Na4 47. Ra2 Rxa2+ 48. Nxa2 Kf6 49. h4 Nb6 50. Nc3 Nc4 51. Kf2 Ke7 52. Na4 Na5 53. Ke3 Kf6 54. Kd3 Ke7 55. Nb6 Nb7 56. Nc4 Nd8 57. Na5 Kd7 58. b6 Kc8 59. g5 hxg5 60. hxg5 Nf7 61. g6 Nh6 62. g7 Ng8 63. Ke4 Nh6 64. Nc4 Kb7 65. Nxd6+ Kxb6 66. Nc4+ Kc7 67. Nxe5 Kd8 68. Nf7+ 1-0

[Event "Landesklasse Ost 2024/25"]
[Site "?"]
[Date "2024.11.24"]
[Round "3.5"]
[White "Sniegowski, Richard"]
[Black "Kaiser, Markus"]
[Result "0-1"]
[WhiteElo "1733"]
[BlackElo "1702"]
[PlyCount "84"]
[EventDate "2024.09.15"]
[EventType "team-tourn"]
[EventRounds "9"]
[WhiteTeam "Meuselwitzer SV"]
[BlackTeam "SG Arnstadt-Stadtilm"]

{[%evp 0,84,24,24,51,12,0,-34,-17,-16,32,19,88,79,95,53,147,109,92,98,97,97,122,146,109,125,125,147,223,233,180,174,191,117,117,165,195,153,166,144,190,149,210,173,173,142,154,102,114,117,118,127,124,125,144,92,129,134,144,114,92,0,0,23,31,-72,-70,-151,-182,-188,-247,-344,-348,-370,-281,-1359,-371,-1385,-371,-377,-395,-1115,-1164,-1211,-408,-424,-436]} 1. e4 c5 2. c3 d5 3. exd5 Qxd5 4. Nf3 e5 5. Na3 Bg4 6. Qa4+ Bd7 7. Qc2 e4 8. Bc4 Qf5 9. Nh4 Qg4 10. Qb3 Bc6 11. Bxf7+ Kd8 12. Bxg8 Qxh4 13. Bd5 Bd6 14. Bxc6 Nxc6 15. Qd5 Kd7 16. Nb5 Qf6 17. O-O Rhf8 18. Nxd6 Qxd6 19. Qxe4 Rae8 20. Qg4+ Kd8 21. d4 cxd4 22. Bg5+ Kc7 23. cxd4 Qxd4 24. Qxd4 Nxd4 25. Be3 Nc6 26. Rac1 Re4 27. b4 Rf5 28. a3 a5 29. Rfe1 axb4 30. Bb6+ Kxb6 31. Rxe4 bxa3 32. Ra4 Ra5 33. Rxa5 Kxa5 34. Kf1 Nd4 35. Ra1 Ka4 36. Rc1 Nb3 37. Ke2 a2 38. Kd3 a1=Q 39. Rxa1+ Nxa1 40. Kc4 b5+ 41. Kc3 b4+ 42. Kb2 Nb3 0-1